000 00668nam a22002297a 4500
003 UA-OsUOA
001 22109
007 ta
008 20031217b un ||||| |||| 00| 0 ukr d
100 _aЛитвин О.
090 _a339
_bЛ64
942 _cSA
040 _aUA-OsUOA
_bukr
_cUA-OsUOA
_dUA-OsUOA
245 _aОсобливості аграрної політики країн ЄС та США на ринку зернових
300 _aС.78-82
955 _a0
041 _aukr
080 _a339
044 _aUA
773 0 _w0
_tЕкономіка України
_dК.
_d2003
_g№12
650 7 _aЕкономіка зарубіжних країн
_2UDC
999 _c308323
_d308323